[Event "RA March op"]
[Site "Ottawa CAN"]
[Date "2024.03.01"]
[Round "2.3"]
[White "Lawson, Eric"]
[Black "Moses, Neil"]
[Result "1-0"]
[WhiteElo "2337"]
[BlackElo "2186"]
[PlyCount "121"]
[EventDate "2024.03.01"]
[EventType "swiss"]
[EventRounds "5"]
[EventCountry "CAN"]

1. e4 e5 2. Nf3 Nc6 3. Bc4 Bc5 4. c3 Nf6 5. d3 d6 6. O-O O-O 7. h3 h6 8. Re1 a6
9. a4 Ba7 10. Nbd2 Be6 11. Bxe6 fxe6 12. b4 Ne7 13. Nf1 Ng6 14. g3 Nh5 15. Kg2
Qf6 16. N1h2 Rf7 17. Ra2 Raf8 18. a5 Qe7 19. Rb2 c6 20. Rf1 d5 21. c4 Nf6 22.
Qe2 Qd6 23. c5 Qe7 24. Rd2 Bb8 25. Rdd1 Ne8 26. Bb2 Nf6 27. Rde1 Re8 28. Qd1
Qc7 29. Qa1 Rfe7 30. Re2 Kh7 31. Rfe1 Kg8 32. Bc3 Kh7 33. Ng4 d4 34. Bb2 Nh5
35. Kg1 Rf7 36. Nd2 Ref8 37. Nc4 Rf3 38. Qd1 Qe7 39. Nh2 R3f7 40. Bc1 Bc7 41.
Rc2 Nf6 42. Rf1 Nd7 43. Kg2 Bb8 44. h4 Re8 45. h5 Ngf8 46. Ng4 Kh8 47. f4 exf4
48. gxf4 e5 49. f5 Nh7 50. Rh1 Ng5 51. Nf2 Bc7 52. Qg4 Nf6 53. Bxg5 Nxg4 54.
Bxe7 Nxf2 55. Kxf2 Rfxe7 56. Rg1 Rf8 57. Rg6 Rf6 58. Kf3 Rxg6 59. fxg6 Re6 60.
Kg3 Rf6 61. Rf2 1-0

[Event "RA March op"]
[Site "Ottawa CAN"]
[Date "2024.03.03"]
[Round "4.1"]
[White "Sambuev, Bator"]
[Black "Lawson, Eric"]
[Result "1-0"]
[WhiteElo "2584"]
[BlackElo "2337"]
[PlyCount "179"]
[EventDate "2024.03.01"]
[EventType "swiss"]
[EventRounds "5"]
[EventCountry "CAN"]

1. d4 d5 2. c4 c6 3. Nf3 Nf6 4. e3 Bf5 5. Nc3 e6 6. Nh4 Bg6 7. Be2 Nbd7 8. O-O
Ne4 9. g3 Be7 10. Nxg6 Nxc3 11. bxc3 hxg6 12. Qb3 Qb6 13. cxd5 Qxb3 14. axb3
exd5 15. c4 Nf6 16. Bd2 a6 17. Rfc1 Rd8 18. Bf3 O-O 19. h4 Rd7 20. Ba5 Bd8 21.
g4 Bxa5 22. Rxa5 dxc4 23. bxc4 Rfd8 24. Rb1 Ne8 25. c5 Nf6 26. g5 Nh7 27. Ra3
Ra8 28. Rab3 Ra7 29. Bg4 Rc7 30. e4 Nf8 31. Kg2 Ne6 32. Rb4 Rd7 33. Rd1 Rd8 34.
Kg3 Nc7 35. Kf4 Nb5 36. Rd3 Raa8 37. d5 Kf8 38. d6 a5 39. Ra4 b6 40. e5 bxc5
41. Ke4 f5+ 42. gxf6 gxf6 43. Kf4 fxe5+ 44. Kxe5 Kg7 45. d7 Rh8 46. h5 gxh5 47.
Bh3 Kf7 48. Rf3+ Ke7 49. Raf4 Kd8 50. Rf8+ Kc7 51. Rc8+ Rhxc8 52. dxc8=Q+ Rxc8
53. Rf7+ Kb8 54. Bxc8 Kxc8 55. Rf8+ Kb7 56. Ke4 a4 57. Kd3 a3 58. Kc2 Nd4+ 59.
Kb1 c4 60. Ka2 Nb5 61. Rf5 c3 62. Rxh5 Kc7 63. Rh6 Kd7 64. Kb3 Ke7 65. Rh4 Ke6
66. Kc2 Kd5 67. Kd3 c5 68. Ra4 Nd6 69. Rxa3 Nb5 70. Ra4 Nd4 71. Kxc3 Ke4 72.
Kd2 Kf3 73. Ke1 Ke4 74. Rc4 Kd5 75. Rc3 c4 76. Kd2 Nf5 77. Rh3 Kd4 78. Rh5 Nd6
79. Rh4+ Kd5 80. f3 Ke5 81. Kc3 Kf5 82. Kd4 Nf7 83. Ke3 Nd6 84. Rh5+ Kf6 85.
Rc5 Kf7 86. Kd4 Ke6 87. Rc6 Kd7 88. Kd5 Nf5 89. Rc5 Nh4 90. Ke4 1-0

[Event "RA Winter op"]
[Site "Ottawa CAN"]
[Date "2024.01.19"]
[Round "1.3"]
[White "Shi, Michael"]
[Black "Lawson, Eric"]
[Result "1-0"]
[WhiteElo "2056"]
[BlackElo "2365"]
[PlyCount "91"]
[EventDate "2024.01.19"]
[EventType "swiss"]
[EventRounds "5"]
[EventCountry "CAN"]

1. e4 c5 2. Nf3 d6 3. Bb5+ Nd7 4. O-O a6 5. Bxd7+ Bxd7 6. c3 Nf6 7. Qe2 e6 8.
Rd1 Be7 9. d4 cxd4 10. cxd4 O-O 11. a4 Bc6 12. Nc3 d5 13. Ne5 Rc8 14. f3 Be8
15. Be3 Kh8 16. Qd3 Ng8 17. f4 Nf6 18. Rac1 Bb4 19. exd5 Bxc3 20. Rxc3 Nxd5 21.
Rxc8 Qxc8 22. Qa3 Bxa4 23. Rc1 Qe8 24. Bd2 Bb5 25. Bb4 Rg8 26. Rc8 f6 27. Rxe8
Bxe8 28. Nd3 Bb5 29. Nc5 Nxf4 30. Nxb7 Ne2+ 31. Kf2 Nxd4 32. Nd6 h6 33. Nxb5
axb5 34. Bc3 Rd8 35. Qa5 Rd5 36. Bxd4 Rxd4 37. Qxb5 e5 38. b4 Rd2+ 39. Kg3 Rb2
40. Qc5 Kh7 41. Qc3 Ra2 42. b5 e4 43. b6 e3 44. b7 e2 45. b8=Q Ra3 46. Qb1+ 1-0

[Event "RA Winter op"]
[Site "Ottawa CAN"]
[Date "2024.01.20"]
[Round "2.12"]
[White "Lawson, Eric"]
[Black "Di Matteo, Alessio"]
[Result "1-0"]
[WhiteElo "2365"]
[BlackElo "2035"]
[PlyCount "37"]
[EventDate "2024.01.19"]
[EventType "swiss"]
[EventRounds "5"]
[EventCountry "CAN"]

1. e4 c5 2. Nf3 e6 3. d4 cxd4 4. Nxd4 a6 5. c4 Nf6 6. Nc3 Qc7 7. Qd3 Nc6 8. Be2
Nxd4 9. Qxd4 Bc5 10. Qd3 O-O 11. O-O d6 12. Kh1 Bd7 13. Bg5 Kh8 14. a3 b5 15.
cxb5 axb5 16. b4 Ba7 17. Rac1 Qb7 18. Qxd6 Bb8 19. Qxf8+ 1-0

[Event "RA Winter op"]
[Site "Ottawa CAN"]
[Date "2024.01.20"]
[Round "3.7"]
[White "Jiang, Barron Jiyu"]
[Black "Lawson, Eric"]
[Result "1-0"]
[WhiteElo "2005"]
[BlackElo "2365"]
[PlyCount "107"]
[EventDate "2024.01.19"]
[EventType "swiss"]
[EventRounds "5"]
[EventCountry "CAN"]

1. e4 c5 2. Nf3 d6 3. d4 cxd4 4. Nxd4 Nf6 5. Nc3 a6 6. Be2 e5 7. Nb3 Be7 8. Be3
O-O 9. g4 Be6 10. g5 Nfd7 11. Qd2 Nb6 12. Nd5 Nxd5 13. exd5 Bf5 14. Rg1 Nd7 15.
Bd3 Bxd3 16. Qxd3 Qc7 17. Nd2 Rac8 18. c3 Rfe8 19. a4 Bf8 20. Rg4 g6 21. a5 Bg7
22. Rc4 Qb8 23. Raa4 f5 24. gxf6 Nxf6 25. Bg5 e4 26. Qh3 Nxd5 27. Rxc8 Qxc8 28.
Qxc8 Rxc8 29. Rxe4 h6 30. Bh4 Be5 31. Bg3 Bxg3 32. hxg3 Kf7 33. Ke2 Re8 34. Kd3
Rxe4 35. Nxe4 Ke6 36. c4 Nb4+ 37. Kc3 Nc6 38. b4 Ke5 39. f3 g5 40. g4 Kf4 41.
Nxd6 Kxf3 42. Nxb7 h5 43. gxh5 g4 44. h6 Ne7 45. h7 Ng6 46. Nc5 g3 47. Nd3 Ke3
48. Ne1 Ke2 49. Ng2 Nh8 50. c5 Kf3 51. c6 Kxg2 52. c7 Kh2 53. c8=Q g2 54. Qxh8
1-0

[Event "North American op"]
[Site "Las Vegas USA"]
[Date "2023.12.28"]
[Round "6.22"]
[White "Lawson, Eric"]
[Black "Mitkov, Nikola"]
[Result "0-1"]
[WhiteElo "2195"]
[BlackElo "2379"]
[PlyCount "72"]
[EventDate "2023.12.26"]
[EventType "swiss"]
[EventRounds "9"]
[EventCountry "USA"]
[Source "ChessMix"]
[SourceDate "2024.01.10"]

1. d4 d5 2. Nc3 Bf5 3. f3 Bg6 4. Bf4 e6 5. e4 Bb4 6. exd5 exd5 7. a3 Bxc3+ 8.
bxc3 Nc6 9. c4 Qf6 10. Be3 Nge7 11. c3 Qe6 12. Kf2 dxc4 13. Nh3 Nd5 14. Bd2 Nb6
15. Nf4 Qd6 16. a4 a5 17. Bxc4 Nxc4 18. Qe2+ N6e5 19. Bc1 O-O-O 20. dxe5 Nxe5
21. Qb5 b6 22. Re1 Rhe8 23. Be3 Bd3 24. Qb3 g5 25. Nxd3 Nxd3+ 26. Kf1 Nxe1 27.
Rxe1 f6 28. Kf2 Re7 29. Qb1 Qd3 30. Bd4 Qxb1 31. Rxb1 Re6 32. Rb2 c5 33. Be3
Rd3 34. Bd2 Kc7 35. g4 Kc6 36. c4 Ra3 0-1

[Event "North American op"]
[Site "Las Vegas USA"]
[Date "2023.12.29"]
[Round "7.31"]
[White "Rowe, Duane"]
[Black "Lawson, Eric"]
[Result "0-1"]
[WhiteElo "2039"]
[BlackElo "2195"]
[PlyCount "154"]
[EventDate "2023.12.26"]
[EventType "swiss"]
[EventRounds "9"]
[EventCountry "USA"]
[Source "ChessMix"]
[SourceDate "2024.01.10"]

1. d4 d5 2. Nf3 Nf6 3. e3 c6 4. Bd3 Bg4 5. Nbd2 Nbd7 6. c4 e6 7. O-O Bd6 8. Qb3
Qc7 9. h3 Bh5 10. cxd5 exd5 11. Nh4 Bg6 12. Nf5 O-O 13. Nxd6 Bxd3 14. Qxd3 Qxd6
15. b4 a6 16. f3 Nh5 17. a4 Ng3 18. Re1 f5 19. Qb3 b5 20. e4 Nb6 21. e5 Qe7 22.
f4 Nh5 23. a5 Nc4 24. Nf1 Qh4 25. g3 Qe7 26. Qc3 g6 27. Ra2 Ng7 28. Nh2 Ne6 29.
Nf3 h6 30. Rg2 Kf7 31. g4 Ke8 32. gxf5 Rxf5 33. Qd3 Kd7 34. Rxg6 Raf8 35. Rf1
Nxf4 36. Bxf4 Rxf4 37. Nh2 Qxb4 38. Rg7+ Kd8 39. Qh7 Rxf1+ 40. Nxf1 Nxe5 41.
dxe5 Qd4+ 42. Kh2 Qxe5+ 43. Kg1 Qd4+ 44. Kh2 Qf4+ 45. Rg3 Qxf1 46. Rg2 Qf4+ 47.
Kg1 Re8 48. Rg8 Rxg8+ 49. Qxg8+ Kd7 50. Qg7+ Kd6 51. Qa7 Qc1+ 52. Kg2 Qd2+ 53.
Kf3 Qxa5 54. Qb8+ Kd7 55. Qb7+ Qc7 56. Qxa6 b4 57. Qd3 Qd6 58. Qa6 Qb8 59. Qd3
Qf8+ 60. Kg4 Qg7+ 61. Kf4 Kd6 62. Qa6 Qe5+ 63. Kg4 Qe4+ 64. Kh5 Qf5+ 65. Kxh6
Qxh3+ 66. Kg5 Qe3+ 67. Kf5 Qe4+ 68. Kf6 Qf4+ 69. Kg6 Qc4 70. Qa8 Kc5 71. Qa5+
Kd4 72. Qa1+ Qc3 73. Qg1+ Kc4 74. Qg4+ Kb3 75. Kf5 Qd3+ 76. Kf6 c5 77. Qg1 Qd4+
0-1

[Event "North American op"]
[Site "Las Vegas USA"]
[Date "2023.12.30"]
[Round "9.31"]
[White "Feng, Andrew"]
[Black "Lawson, Eric"]
[Result "0-1"]
[WhiteElo "2058"]
[BlackElo "2195"]
[PlyCount "86"]
[EventDate "2023.12.26"]
[EventType "swiss"]
[EventRounds "9"]
[EventCountry "USA"]
[Source "Mark Crowther"]
[SourceDate "2024.01.01"]

1. e4 c5 2. Nf3 d6 3. Nc3 Nf6 4. d4 cxd4 5. Qxd4 Nc6 6. Qd3 g6 7. Nd5 Bg7 8.
Bg5 O-O 9. c3 Be6 10. Be2 Qa5 11. b4 Qd8 12. O-O a5 13. b5 Bxd5 14. exd5 Nb8
15. Nd4 Nbd7 16. Bf3 Rc8 17. Rac1 Re8 18. h4 Qb6 19. Qe2 Ne5 20. Rfd1 Rc4 21.
Qb2 Rc5 22. Be3 Nxf3+ 23. Nxf3 Qxb5 24. Qxb5 Rxb5 25. c4 Rb2 26. Rd2 Rxd2 27.
Nxd2 Ng4 28. Nb3 Nxe3 29. fxe3 b6 30. Kf2 e6 31. Kf3 f5 32. dxe6 Rxe6 33. Nd4
Bxd4 34. exd4 Re4 35. c5 bxc5 36. dxc5 dxc5 37. Rxc5 Ra4 38. h5 Rxa2 39. h6 Kf7
40. Kf4 Ra4+ 41. Ke5 Re4+ 42. Kd5 Kf6 43. Rc7 Re7 0-1

[Event "RA December op"]
[Site "Ottawa CAN"]
[Date "2023.12.08"]
[Round "1.4"]
[White "Petrovic, Milos"]
[Black "Lawson, Eric"]
[Result "0-1"]
[WhiteElo "1980"]
[BlackElo "2329"]
[PlyCount "70"]
[EventDate "2023.12.08"]
[EventType "swiss"]
[EventRounds "5"]
[EventCountry "CAN"]

1. e4 c5 2. Nf3 d6 3. d4 cxd4 4. Nxd4 Nf6 5. Nc3 a6 6. Bg5 e6 7. f4 Nbd7 8. Qf3
Qc7 9. g4 b5 10. Bd3 Qb6 11. Nce2 Bb7 12. O-O-O Nc5 13. Bxf6 gxf6 14. Rhe1 h5
15. gxh5 f5 16. Ng3 O-O-O 17. Kb1 fxe4 18. Bxe4 Nxe4 19. Nxe4 Bg7 20. Qc3+ Qc7
21. Qxc7+ Kxc7 22. Ng5 Rd7 23. Re3 Rxh5 24. Rh3 Rxh3 25. Nxh3 Kd8 26. Ng5 Ke7
27. h4 Rd8 28. f5 Bxd4 29. Rxd4 exf5 30. Kc1 Rg8 31. a4 f6 32. Nh3 Rg4 33. Rxg4
fxg4 34. Ng1 Kf7 35. axb5 axb5 0-1

[Event "RA December op"]
[Site "Ottawa CAN"]
[Date "2023.12.08"]
[Round "2.4"]
[White "Lawson, Eric"]
[Black "Latreille, Etienne"]
[Result "1-0"]
[WhiteElo "2329"]
[BlackElo "2149"]
[PlyCount "105"]
[EventDate "2023.12.08"]
[EventType "swiss"]
[EventRounds "5"]
[EventCountry "CAN"]

1. e4 c5 2. Nf3 Nc6 3. d4 cxd4 4. Nxd4 g6 5. c4 Bg7 6. Be3 Nf6 7. Nc3 O-O 8.
Be2 d6 9. O-O Bd7 10. Qd2 Nxd4 11. Bxd4 Bc6 12. f3 a5 13. b3 Nd7 14. Be3 Nc5
15. Rab1 Qb6 16. Kh1 Qb4 17. Rfc1 Rfd8 18. Qb2 Qb6 19. Rc2 Qc7 20. Qc1 b6 21.
Bf1 Qb7 22. Qe1 Rf8 23. a3 e6 24. b4 axb4 25. axb4 Na4 26. b5 Bd7 27. Nxa4 Rxa4
28. Rd1 Qc7 29. Qf2 Rb8 30. Rcd2 Bf8 31. e5 d5 32. cxd5 Qxe5 33. d6 Rba8 34.
Bxb6 Bh6 35. Bd4 Qg5 36. Re2 Qxb5 37. Rxe6 Qd5 38. Ree1 Ra2 39. Qh4 Qg5 40. Qe4
Bf8 41. Bc3 Qc5 42. Bf6 R8a4 43. Qe5 Qf2 44. Qg3 Qc5 45. Qg5 Qf2 46. Be5 Qh4
47. Qxh4 Rxh4 48. g4 Bc6 49. Re3 Bd7 50. Bg3 Rh6 51. Bc4 Rb2 52. Re7 Rb7 53.
Rxf7 1-0

[Event "RA December op"]
[Site "Ottawa CAN"]
[Date "2023.12.09"]
[Round "3.1"]
[White "Sambuev, Bator"]
[Black "Lawson, Eric"]
[Result "1/2-1/2"]
[WhiteElo "2586"]
[BlackElo "2329"]
[PlyCount "166"]
[EventDate "2023.12.08"]
[EventType "swiss"]
[EventRounds "5"]
[EventCountry "CAN"]

1. d4 d5 2. c4 c6 3. Nf3 Nf6 4. e3 e6 5. Nbd2 c5 6. cxd5 exd5 7. Bb5+ Bd7 8.
Bxd7+ Nbxd7 9. b3 Bd6 10. Bb2 O-O 11. O-O Re8 12. Qe2 Rc8 13. dxc5 Nxc5 14.
Rfd1 Qe7 15. Rac1 Nce4 16. h3 Ba3 17. Nb1 Bxb2 18. Qxb2 h6 19. Nc3 Nxc3 20.
Rxc3 Qd7 21. Rdc1 Ne4 22. R3c2 b6 23. Ne5 Qf5 24. Nc6 Nc5 25. Nd4 Qd7 26. Qc3
Rc7 27. b4 Ne6 28. Nc6 b5 29. Qd3 Rec8 30. Ne5 Qd6 31. Rxc7 Rxc7 32. Rxc7 Nxc7
33. Qf5 Qe6 34. Qf4 Ne8 35. Nf3 Qc8 36. Nd4 a6 37. Nf5 Qc1+ 38. Kh2 Qc7 39. Kg3
f6 40. h4 h5 41. Qxc7 Nxc7 42. Kf3 Kf7 43. g4 hxg4+ 44. Kxg4 g6 45. Nd4 Ne8 46.
Nb3 Nd6 47. Nc5 f5+ 48. Kf4 Kf6 49. Nxa6 Ne4 50. Kf3 Nc3 51. a3 Ke5 52. Nc5 Kf6
53. Kg3 Ke5 54. f4+ Kd6 55. Nb3 Nb1 56. Nd4 Nxa3 57. h5 gxh5 58. Kh4 Nc4 59.
Nxb5+ Ke7 60. Nd4 Nxe3 61. Kxh5 Kf6 62. b5 Nc4 63. Kh6 Nb6 64. Kh7 Nd7 65. Kh6
Nb6 66. Kh5 Nd7 67. Kh4 Nb6 68. Kg3 Nd7 69. Kf3 Kg6 70. Ke3 Kf6 71. Kd3 Kg6 72.
Ne6 Kf6 73. Nc7 Ke7 74. Kd4 Kd6 75. Ne8+ Ke7 76. Ng7 Kf6 77. Kxd5 Kxg7 78. Kc6
Nf8 79. Kd6 Kf7 80. b6 Ke8 81. b7 Nd7 82. Kc7 Ke7 83. Kc6 Kf6 1/2-1/2

[Event "RA December op"]
[Site "Ottawa CAN"]
[Date "2023.12.10"]
[Round "4.2"]
[White "Lawson, Eric"]
[Black "Zhu, Matthew"]
[Result "1-0"]
[WhiteElo "2329"]
[BlackElo "2238"]
[PlyCount "107"]
[EventDate "2023.12.08"]
[EventType "swiss"]
[EventRounds "5"]
[EventCountry "CAN"]

1. e4 c5 2. Nf3 d6 3. d4 cxd4 4. Nxd4 Nf6 5. Nc3 g6 6. Be2 Bg7 7. O-O O-O 8.
Re1 Nc6 9. Nb3 Be6 10. Bf1 Rc8 11. Nd5 Ne5 12. Bg5 Bxd5 13. exd5 Qc7 14. c3
Rfe8 15. Rc1 Nc4 16. Rc2 a6 17. g3 Qd7 18. Bg2 Qf5 19. Bc1 Nb6 20. h3 h5 21.
Rd2 Rc7 22. Rd4 Qc8 23. Rb4 Nc4 24. a4 Qd7 25. a5 Rec8 26. Qd3 Ne5 27. Qe2 Qf5
28. Be3 Qd3 29. Bb6 Rd7 30. f4 Qxe2 31. Rxe2 Nd3 32. Rd4 Nc5 33. Rc4 Bf8 34.
Nxc5 dxc5 35. Rxc5 Rxc5 36. Bxc5 Nxd5 37. Rd2 e6 38. Bxf8 Kxf8 39. c4 Nf6 40.
Rxd7 Nxd7 41. Bxb7 Nc5 42. Bc6 Nb3 43. Bb5 Nxa5 44. b4 Nb3 45. Bxa6 Ke7 46. c5
Nd4 47. Bd3 e5 48. fxe5 Nc6 49. b5 Nxe5 50. b6 Kd8 51. Bb5 Kc8 52. c6 Kb8 53.
c7+ Kb7 54. Ba6+ 1-0

[Event "RA December op"]
[Site "Ottawa CAN"]
[Date "2023.12.10"]
[Round "5.2"]
[White "Xu, Daniel"]
[Black "Lawson, Eric"]
[Result "0-1"]
[WhiteElo "2357"]
[BlackElo "2329"]
[PlyCount "54"]
[EventDate "2023.12.08"]
[EventType "swiss"]
[EventRounds "5"]
[EventCountry "CAN"]

1. e4 c5 2. Nf3 d6 3. d4 cxd4 4. Nxd4 Nf6 5. Nc3 a6 6. f3 e5 7. Nb3 Be6 8. Be3
Be7 9. Qd2 O-O 10. O-O-O a5 11. a4 Na6 12. g4 Nb4 13. g5 Nh5 14. Rg1 Rc8 15.
Kb1 Qc7 16. Bb5 f5 17. gxf6 Nxf6 18. Bg5 Kh8 19. Qg2 Nh5 20. Nxa5 Bxg5 21. Qxg5
Rxf3 22. Qd2 Qxa5 23. Qxd6 Bg8 24. Qxe5 Rfxc3 25. bxc3 Na2 26. Kb2 Nxc3 27. Ra1
Ne2 0-1

[Event "RA  National Capital op"]
[Site "Ottawa CAN"]
[Date "2023.11.04"]
[Round "2.7"]
[White "Lawson, Eric"]
[Black "Xu, Philip"]
[Result "1-0"]
[WhiteElo "2334"]
[BlackElo "1818"]
[PlyCount "113"]
[EventDate "2023.11.03"]
[EventType "swiss"]
[EventRounds "5"]
[EventCountry "CAN"]

1. e4 e6 2. d4 d5 3. e5 c5 4. c3 Nc6 5. Nf3 Bd7 6. Be2 Qb6 7. O-O cxd4 8. cxd4
Nge7 9. Na3 Nf5 10. Nc2 Be7 11. Bd3 g6 12. b3 f6 13. Bxf5 gxf5 14. exf6 Bxf6
15. Bg5 Qd8 16. Qd2 O-O 17. Rfe1 Bxg5 18. Nxg5 Qf6 19. Nf3 Rac8 20. Nb4 Kh8 21.
Nxc6 Bxc6 22. Rac1 Rc7 23. Ne5 Rfc8 24. Qf4 h6 25. h4 Kh7 26. Rc3 Qg7 27. Rg3
Qf8 28. Nxc6 Rxc6 29. h5 Re8 30. Rg6 Re7 31. Re3 Re8 32. Reg3 Re7 33. Qe5 Qf7
34. Kh2 Rec7 35. f4 Rc3 36. Qxe6 Qxe6 37. Rxe6 Rxg3 38. Kxg3 Rc3+ 39. Kf2 Rc2+
40. Re2 Rc7 41. Re5 Rc2+ 42. Kg3 Rxa2 43. Rxf5 Kg7 44. Rxd5 b6 45. Rd7+ Kf6 46.
Rd6+ Kg7 47. Rd7+ Kf6 48. Rh7 Ra3 49. Kg4 b5 50. Rxh6+ Kg7 51. Rc6 a5 52. Rc7+
Kh6 53. Kh4 Ra1 54. g4 Rh1+ 55. Kg3 Rd1 56. Rc5 Rd3+ 57. Kh4 1-0

[Event "RA  National Capital op"]
[Site "Ottawa CAN"]
[Date "2023.11.04"]
[Round "3.4"]
[White "Joseph, Jonath"]
[Black "Lawson, Eric"]
[Result "1/2-1/2"]
[WhiteElo "2110"]
[BlackElo "2334"]
[PlyCount "70"]
[EventDate "2023.11.03"]
[EventType "swiss"]
[EventRounds "5"]
[EventCountry "CAN"]

1. e4 c5 2. Nf3 d6 3. c3 Nf6 4. Be2 Nbd7 5. d3 c4 6. O-O cxd3 7. Bxd3 e6 8. Bf4
Be7 9. Bc2 Qc7 10. Re1 e5 11. Bg3 O-O 12. Nfd2 Nc5 13. c4 Bg4 14. f3 Be6 15.
Nc3 Qb6 16. Bf2 Qxb2 17. Nb5 Qb4 18. Nb3 Qxc4 19. Nxd6 Bxd6 20. Qxd6 Qxc2 21.
Nxc5 Rad8 22. Qxe5 Rd2 23. Rec1 Qb2 24. Qxb2 Rxb2 25. Nxe6 fxe6 26. Bxa7 Ra8
27. Bd4 Rd2 28. Bc3 Rdxa2 29. Rxa2 Rxa2 30. Bxf6 gxf6 31. Rc8+ Kg7 32. Rc7+ Kg6
33. Rxb7 e5 34. h3 h5 35. Kh2 h4 1/2-1/2

[Event "RA  National Capital op"]
[Site "Ottawa CAN"]
[Date "2023.11.05"]
[Round "5.6"]
[White "Rousskikh, Maxim"]
[Black "Lawson, Eric"]
[Result "0-1"]
[WhiteElo "1995"]
[BlackElo "2334"]
[PlyCount "46"]
[EventDate "2023.11.03"]
[EventType "swiss"]
[EventRounds "5"]
[EventCountry "CAN"]

1. e4 e5 2. Nf3 Nf6 3. Nc3 Nc6 4. d4 exd4 5. Nxd4 Bb4 6. Nxc6 bxc6 7. Bd3 O-O
8. O-O d5 9. exd5 Bg4 10. Ne2 cxd5 11. h3 Bh5 12. c3 Bc5 13. Qc2 Bg6 14. Bf4 c6
15. Rad1 Ne4 16. Nd4 Qf6 17. Be3 Rfe8 18. Rfe1 Bb6 19. f3 c5 20. Nb5 c4 21.
Bxc4 dxc4 22. fxe4 Bxe3+ 23. Rxe3 Qg5 0-1

[Event "Pion Frigant"]
[Site "Contrecoeur CAN"]
[Date "2023.10.06"]
[Round "1.2"]
[White "Lawson, Eric"]
[Black "Charaf, Bassel"]
[Result "1-0"]
[WhiteElo "2342"]
[BlackElo "2028"]
[PlyCount "105"]
[EventDate "2023.10.06"]
[EventType "swiss"]
[EventRounds "5"]
[EventCountry "CAN"]

1. e4 c6 2. d4 d5 3. e5 Bf5 4. Nf3 e6 5. Be2 c5 6. Be3 Qb6 7. Nc3 c4 8. Qc1 Nc6
9. O-O Bb4 10. Nb1 Rc8 11. c3 Ba5 12. Nh4 Bg6 13. Nd2 Qd8 14. g3 Nge7 15. f4 f5
16. b3 b5 17. b4 Bb6 18. a4 a6 19. axb5 axb5 20. Nb1 Rb8 21. Na3 Bc7 22. Kh1
O-O 23. Rg1 Qe8 24. Qd1 Rb7 25. Rg2 Bd8 26. h3 Kh8 27. Nxg6+ Qxg6 28. Bh5 Qh6
29. Kh2 Nc8 30. Rga2 g5 31. fxg5 Bxg5 32. Bxg5 Qxg5 33. Qf3 N6e7 34. Nc2 Qd2+
35. Qe2 Qxc3 36. Ra3 Qb2 37. Qd1 Ra7 38. Rb1 Qxa3 39. Nxa3 Rxa3 40. Ra1 Rd3 41.
Qc1 f4 42. gxf4 Nf5 43. Ra6 c3 44. Ra2 Nxd4 45. Qf1 Rd2+ 46. Rxd2 cxd2 47. Qd3
Rxf4 48. Qxd2 Nf3+ 49. Bxf3 Rxf3 50. Qh6 Ne7 51. Qxe6 Nf5 52. Qf6+ Kg8 53. e6
1-0

[Event "Pion Frigant"]
[Site "Contrecoeur CAN"]
[Date "2023.10.07"]
[Round "3.2"]
[White "Lawson, Eric"]
[Black "Latorre, Vincent"]
[Result "0-1"]
[WhiteElo "2342"]
[BlackElo "2204"]
[PlyCount "130"]
[EventDate "2023.10.06"]
[EventType "swiss"]
[EventRounds "5"]
[EventCountry "CAN"]

1. d4 Nf6 2. Nc3 d5 3. Bf4 c5 4. e4 e6 5. Nb5 Na6 6. e5 Nd7 7. c3 Be7 8. Qg4
Kf8 9. h4 cxd4 10. Nxd4 Qb6 11. O-O-O Nac5 12. Bd3 Nxd3+ 13. Rxd3 h5 14. Qd1
Nc5 15. Rd2 Bd7 16. f3 Rc8 17. Nge2 Ba4 18. Qf1 Be8 19. Kb1 f6 20. Nc1 Bg6+ 21.
Ka1 Nd7 22. Qe1 Kf7 23. Re2 Rce8 24. exf6 Bxf6 25. Nc2 e5 26. Bg5 Nc5 27. Qd1
Rd8 28. Rhe1 Rhe8 29. Rd2 Ne6 30. Bxf6 gxf6 31. Nd3 d4 32. cxd4 Nxd4 33. Nxd4
Rxd4 34. Nf2 Red8 35. Rxd4 Rxd4 36. Qc1 Qc6 37. Qe3 Kg7 38. a3 Bf7 39. Ne4 Qc4
40. Nc3 Rd3 41. Qe2 Rxc3 42. bxc3 Qxc3+ 43. Kb1 Bg6+ 44. Ka2 Bc2 45. Rb1 Bxb1+
46. Kxb1 Qb3+ 47. Kc1 Qxa3+ 48. Kb1 Qb4+ 49. Kc1 b5 50. Qf2 Qd4 51. Qg3+ Kf7
52. Qh3 b4 53. Kc2 Qc3+ 54. Kb1 Qd3+ 55. Kb2 b3 56. Ka3 Qb5 57. Kb2 Qa4 58. Kc3
a5 59. Qf5 Qc6+ 60. Kxb3 Qe6+ 61. Qxe6+ Kxe6 62. Ka4 Kf5 63. Kxa5 e4 64. fxe4+
Kxe4 65. Kb4 Kf4 0-1

[Event "Pion Frigant"]
[Site "Contrecoeur CAN"]
[Date "2023.10.08"]
[Round "4.5"]
[White "Gauthier, Denis"]
[Black "Lawson, Eric"]
[Result "0-1"]
[WhiteElo "1811"]
[BlackElo "2342"]
[PlyCount "165"]
[EventDate "2023.10.06"]
[EventType "swiss"]
[EventRounds "5"]
[EventCountry "CAN"]

1. d4 d5 2. c4 c6 3. Nf3 Nf6 4. Nc3 e6 5. Qd3 dxc4 6. Qxc4 b5 7. Qd3 Nbd7 8. g3
Bb7 9. Bg2 a6 10. O-O c5 11. Rd1 c4 12. Qc2 Rc8 13. a3 Be7 14. e4 O-O 15. Bf4
Qb6 16. h3 Rfd8 17. Be3 Nf8 18. Ne5 Qc7 19. Qe2 Ng6 20. Nxg6 hxg6 21. Bf4 Qb6
22. Be3 Nd7 23. Rd2 Qc7 24. f4 Ba8 25. Rad1 Qb8 26. Kh2 a5 27. d5 e5 28. fxe5
Nxe5 29. Bf4 b4 30. axb4 axb4 31. Nb5 g5 32. Bxe5 Qxe5 33. Nd4 c3 34. bxc3 bxc3
35. Rc2 Qb8 36. Nf5 Bf6 37. Ne3 Be5 38. Qg4 f6 39. Nf5 Rc7 40. Nd4 Bxd4 41.
Rxd4 Qb3 42. Qe2 Bb7 43. Rd1 Ba6 44. Qf2 Rd6 45. Bf1 Bxf1 46. Rxf1 Re7 47. Qg2
Qc4 48. Rfc1 Rxe4 49. Rxc3 Qxd5 50. Rc5 Qe6 51. R1c2 Re1 52. Rf2 Rdd1 53. Rcc2
Qb3 54. Rb2 Qa3 55. Rbe2 Rh1+ 56. Qxh1 Rxh1+ 57. Kxh1 Qxg3 58. Rh2 g4 59. hxg4
Qxg4 60. Rhg2 Qh4+ 61. Rh2 Qf4 62. Rhf2 Qc1+ 63. Kh2 Kf7 64. Rc2 Qh6+ 65. Kg1
Qg5+ 66. Kf1 Qe5 67. Rce2 Qb5 68. Kg1 g5 69. Kg2 Kg6 70. Rd2 Qc6+ 71. Kg1 f5
72. Rc2 Qb6 73. Rb2 Qe3 74. Rbe2 Qc1+ 75. Rf1 Qc5+ 76. Kg2 Qd5+ 77. Kg1 f4 78.
Rfe1 Kf5 79. Re8 Kg4 80. R8e4 Kg3 81. R4e2 f3 82. Rf2 Qd4 83. Ref1 0-1

[Event "Pion Frigant"]
[Site "Contrecoeur CAN"]
[Date "2023.10.08"]
[Round "5.4"]
[White "Lawson, Eric"]
[Black "Deboosere, Adam"]
[Result "1-0"]
[WhiteElo "2342"]
[BlackElo "2016"]
[PlyCount "47"]
[EventDate "2023.10.06"]
[EventType "swiss"]
[EventRounds "5"]
[EventCountry "CAN"]

1. d4 Nf6 2. Nc3 d5 3. Bf4 e6 4. Nb5 Na6 5. e3 c6 6. Nc3 Nc7 7. Nf3 Be7 8. Ne5
Nd7 9. Qh5 Nxe5 10. Qxe5 Na6 11. Qxg7 Bf6 12. Qg3 Nb4 13. O-O-O a5 14. a3 Bh4
15. Qg7 Bf6 16. Qh6 Na6 17. Bxa6 Rxa6 18. Be5 Bxe5 19. dxe5 Qe7 20. Rd4 b5 21.
Qg7 Rf8 22. Ne4 b4 23. Nf6+ Kd8 24. Nxh7 1-0

[Event "Titled Tuesday 2023.08.22 Late"]
[Site "chess.com INT"]
[Date "2023.08.22"]
[Round "1"]
[White "Brady, Tyson"]
[Black "Lawson, Eric"]
[Result "1-0"]
[WhiteElo "2168"]
[BlackElo "2221"]
[PlyCount "147"]
[EventDate "2023.08.22"]
[EventType "swiss (blitz)"]
[EventRounds "11"]
[EventCountry "NET"]
[Source "Mark Crowther"]
[SourceDate "2023.08.28"]

1. e4 c5 2. Nf3 d6 3. d4 cxd4 4. Nxd4 Nf6 5. Nc3 a6 6. h3 h5 7. Bc4 g6 8. Nf3
Qc7 9. Bb3 Nc6 10. Ng5 e6 11. Be3 Bg7 12. Qe2 b5 13. O-O-O Na5 14. Bd4 b4 15.
Ba4+ Kf8 16. Nb1 Bd7 17. Bxd7 Nxd7 18. Bxg7+ Kxg7 19. Qd2 Nc4 20. Qd4+ e5 21.
Qd5 Ndb6 22. Qd3 Na4 23. b3 Ncb2 24. Qxd6 Qa5 25. bxa4 Nxd1 26. Rxd1 Rhd8 27.
Qe7 Rxd1+ 28. Kxd1 Qd8+ 29. Qxd8 Rxd8+ 30. Nd2 h4 31. Ngf3 Kf6 32. Nxh4 Rc8 33.
Nhf3 Rc3 34. Nb3 Ke6 35. Ne1 f5 36. exf5+ gxf5 37. Nd3 a5 38. Nxa5 Ra3 39. Nb3
Kd5 40. Nxb4+ Kc4 41. Nc6 e4 42. Ncd4 f4 43. Ne2 f3 44. gxf3 exf3 45. Ng1 Rxa4
46. Nxf3 Rxa2 47. Kd2 Kd5 48. Nfd4 Ke4 49. f3+ Kf4 50. Kd3 Ra8 51. c4 Rh8 52.
c5 Ke5 53. c6 Rxh3 54. Kc4 Kd6 55. Nc5 Rxf3 56. Ne4+ Kc7 57. Kc5 Rf7 58. Nb5+
Kd8 59. Ned6 Rh7 60. Kb6 Rg7 61. Nd4 Ke7 62. N4f5+ Ke6 63. Nxg7+ Kxd6 64. c7
Kd7 65. Kb7 Ke7 66. c8=Q Kf7 67. Qd7+ Kg6 68. Kc6 Kh7 69. Kd5 Kg6 70. Ke5 Kh7
71. Nf5+ Kg6 72. Qg7+ Kh5 73. Nd4 Kh4 74. Kf4 1-0